| Tag |
First Indicator |
Second Indicator |
Subfields |
| LEADER |
00000pam a22000004a 4500 |
| 001 |
in00002115921 |
| 005 |
20151103055129.0 |
| 008 |
050524s2006 nyua b 001 0 eng |
| 010 |
|
|
|a 2005015093
|
| 016 |
7 |
|
|a 101248868
|2 DNLM
|
| 020 |
|
|
|a 1594545421
|
| 029 |
1 |
|
|a NLM
|b 101248868
|
| 035 |
|
|
|a (OCoLC)ocm60551681
|
| 040 |
|
|
|a DNLM/DLC
|c DLC
|d YDX
|d NLM
|d BAKER
|d UtOrBLW
|
| 042 |
|
|
|a pcc
|
| 049 |
|
|
|a TXAM
|
| 050 |
0 |
0 |
|a RC552.E18
|b N42 2006
|
| 060 |
1 |
0 |
|a WM 175
|b N532 2006
|
| 082 |
0 |
0 |
|a 616.85/26
|2 22
|
| 245 |
0 |
0 |
|a New developments in eating disorders research /
|c Pamela I. Swain, editor.
|
| 264 |
|
1 |
|a New York :
|b Nova Science Publishers,
|c [2006]
|
| 264 |
|
4 |
|c ©2006
|
| 300 |
|
|
|a x, 189 pages :
|b illustrations (some color) ;
|c 26 cm.
|
| 336 |
|
|
|a text
|b txt
|2 rdacontent
|
| 337 |
|
|
|a unmediated
|b n
|2 rdamedia
|
| 338 |
|
|
|a volume
|b nc
|2 rdacarrier
|
| 504 |
|
|
|a Includes bibliographical references and index.
|
| 650 |
|
0 |
|a Eating disorders.
|
| 650 |
1 |
2 |
|a Eating Disorders.
|
| 700 |
1 |
|
|a Swain, Pamela I.
|
| 856 |
4 |
1 |
|3 Table of contents
|u http://www.loc.gov/catdir/toc/ecip0513/2005015093.html
|t 0
|
| 938 |
|
|
|a Baker & Taylor
|b BKTY
|c 98.00
|d 98.00
|i 1594545421
|n 0006485986
|s active
|
| 945 |
|
|
|i PromptCat
|
| 947 |
|
|
|a A14832740358
|
| 948 |
|
|
|a cataloged
|b h
|c 2006/4/11
|d c
|e achopde
|f 9:22:19 am
|
| 994 |
|
|
|a 92
|b TXA
|
| 999 |
|
|
|a MARS
|
| 999 |
f |
f |
|s d0ba11a2-4899-368c-b6d7-5976769eef17
|i 1e2a3a70-9fea-3300-b735-37cb80dff643
|t 0
|
| 952 |
f |
f |
|p ric
|a Texas A&M University
|b Rellis Campus
|c Joint Library Facility
|d Remote Storage
|t 0
|e RC552.E18 N42 2006
|h Library of Congress classification
|i unmediated -- volume
|m A14832740358
|
| 998 |
f |
f |
|a RC552.E18 N42 2006
|t 0
|l Remote Storage
|